| 000 | 00852nam a2200265 a 4500 | ||
|---|---|---|---|
| 001 | 22499 | ||
| 003 | BD-RjUL | ||
| 005 | 20211209000820.0 | ||
| 008 | 140308s1960 enkabch 000 0 eng d | ||
| 020 | _a0356118142 | ||
| 035 | _a(BD-RjUL)22564 | ||
| 040 |
_aBD-RjUL _beng _cBD-RjUL _dBD-RjUL |
||
| 041 | _aeng | ||
| 082 |
_a946.083 _219 _bSPA 1960 |
||
| 245 | 1 | 0 |
_aSpain L'Espagne Spanien / _cwith an introduction by Delano Ames. |
| 260 |
_aLondon : _bAnglo-Italian Publication, _c1960. |
||
| 300 |
_a223 p., 99 leaves of plates : _bchiefly ill. ; _c24 cm. |
||
| 490 | 0 | _aMacdonald countries | |
| 504 | _aIncludes index | ||
| 650 |
_a Spain -- Pictorial works. _969489 |
||
| 651 | 0 |
_aSpain _xSocial life and customs _y1951- _xJuvenile literature _969490 |
|
| 700 |
_aAmes ,Delano _qDelano Ames _969491 |
||
| 942 |
_2ddc _cBK |
||
| 999 |
_c22499 _d22499 |
||